000 00351 a2200157 4500
001 62278
020 _a857683006x
040 _cAnchieta - Pituba
100 _aAlemany, Cristina
240 1 0 _aPara uma garota vencedora
_lpor
245 1 0 _aPara uma garota vencedora
300 _a62
362 0 _a2005
650 4 _aLiteratura juvenil
942 _cBK
999 _c62278
_d62278